Economic inefficiency and its determinants in the pig industry in South Vietnam
Đã lưu trong:
| 主要作者: | |
|---|---|
| 格式: | 圖書 |
| 語言: | Undetermined |
| 出版: |
Manila, Philippines
Univ. of the Philippines Los Banos
2003
|
| 主題: | |
| 標簽: |
添加標簽
沒有標簽, 成為第一個標記此記錄!
|
| Thư viện lưu trữ: | Trung tâm Học liệu Trường Đại học Cần Thơ |
|---|
| LEADER | 00596nam a2200193Ia 4500 | ||
|---|---|---|---|
| 001 | CTU_55865 | ||
| 008 | 210402s9999 xx 000 0 und d | ||
| 082 | |a 338.176 | ||
| 082 | |b N104 | ||
| 088 | |a 60620115 | ||
| 100 | |a Mai Van Nam | ||
| 245 | 0 | |a Economic inefficiency and its determinants in the pig industry in South Vietnam | |
| 245 | 0 | |c Mai Van Nam | |
| 260 | |a Manila, Philippines | ||
| 260 | |b Univ. of the Philippines Los Banos | ||
| 260 | |c 2003 | ||
| 650 | |a animal products,animal husbandry | ||
| 650 | |x economic aspetcs | ||
| 980 | |a Trung tâm Học liệu Trường Đại học Cần Thơ | ||